书目信息 |
| 题名: |
水污染控制工程实验
|
|
| 作者: | 章北娟编 | |
| 分册: | ||
| 出版信息: | 北京 高等教育出版社 1988.10 |
|
| 页数: | 275页 | |
| 开本: | 大32开 | |
| 丛书名: | ||
| 单 册: | ||
| 中图分类: | X52-43 | |
| 科图分类: | ||
| 主题词: | ||
| 电子资源: | ||
| ISBN: | 7-04-000713-4 | |
| 000 | 00463nam0 2200157 45 | |
| 001 | 0199006415 | |
| 005 | 20081023112453.04 | |
| 010 | @a7-04-000713-4@dCNY3.45 | |
| 100 | @a19990804d km y0chiy0120 ea | |
| 101 | 0 | @achi |
| 200 | 1 | @ASHUI WU RAN KONG ZHI GONG CHENG SHI YAN@FZHANG BEI JUAN BIAN@a水污染控制工程实验@f章北娟编 |
| 210 | @a北京@c高等教育出版社@d1988.10 | |
| 215 | @a275页@c无图表@d大32开 | |
| 690 | @aX52-43 | |
| 801 | 0 | @c20081023 |
| 905 | @dX52-43@eZH344@f6 | |
| 水污染控制工程实验/章北娟编.-北京:高等教育出版社,1988.10 |
| 275页:无图表;大32开 |
| ISBN 7-04-000713-4:CNY3.45 |
| ● |
| 相关链接 |
|
|
|
正题名:水污染控制工程实验
索取号:X52-43/ZH344
 
预约/预借
| 序号 | 登录号 | 条形码 | 馆藏地/架位号 | 状态 | 备注 |
| 1 | 458903 | 204589034 | 期刊室512/501自科库 101排1列1层/ [索取号:X52-43/ZH344] | 在馆 | |
| 2 | 458904 | 204589043 | 期刊室512/501自科库 101排1列1层/ [索取号:X52-43/ZH344] | 在馆 | |
| 3 | 458905 | 204589052 | 期刊室512/501自科库 101排1列1层/ [索取号:X52-43/ZH344] | 在馆 | |
| 4 | 458906 | 204589061 | 期刊室512/501自科库 101排1列1层/ [索取号:X52-43/ZH344] | 在馆 | |
| 5 | 458907 | 204589070 | 期刊室512/501自科库 101排1列1层/ [索取号:X52-43/ZH344] | 在馆 | |
| 6 | 458908 | 204589089 | 自科库501/501自科库 101排1列1层/ [索取号:X52-43/ZH344] | 在馆 | |
| 7 | 458909 | 204589098 | 期刊室512/501自科库 101排1列1层/ [索取号:X52-43/ZH344] | 在馆 | |
| 8 | 458910 | 204589105 | 期刊室512/501自科库 101排1列1层/ [索取号:X52-43/ZH344] | 在馆 | |
| 9 | 458911 | 204589114 | 期刊室512/501自科库 101排1列1层/ [索取号:X52-43/ZH344] | 在馆 | |
| 10 | 458912 | 204589123 | 自科库501/501自科库 101排1列1层/ [索取号:X52-43/ZH344] | 在馆 | |
| 11 | 458913 | 204589132 | 期刊室512/501自科库 101排1列1层/ [索取号:X52-43/ZH344] | 在馆 | |
| 12 | 458914 | 204589141 | 期刊室512/501自科库 101排1列1层/ [索取号:X52-43/ZH344] | 在馆 | |
| 13 | 458915 | 204589150 | 期刊室512/501自科库 101排1列1层/ [索取号:X52-43/ZH344] | 在馆 | |
| 14 | 458916 | 204589169 | 期刊室512/501自科库 101排1列1层/ [索取号:X52-43/ZH344] | 在馆 | |
| 15 | 458917 | 204589178 | 期刊室512/501自科库 101排1列1层/ [索取号:X52-43/ZH344] | 在馆 | |
| 16 | 458918 | 204589187 | 期刊室512/501自科库 101排1列1层/ [索取号:X52-43/ZH344] | 在馆 |